000 00617nam a2200229Ia 4500
003 OSt
005 20220918194640.0
006 a|||||r|||| 00| 0
007 ta
008 220917b |||||||| |||| 00| 0 eng d
024 _a80,715
037 _cTextual
040 _aARTS
_cARTS
_beng
041 _2eng
_aeng
082 _aS:8150L:574, K5
100 _aCohen Sidney
_913502
245 0 _aDrugs of hallucination
_b the uses and misues of lysergic acid diethylamide
260 _c1965
650 _aPSYCHOLOGY
942 _hS:8150L:574, K5
_cTEXL
_2CC
999 _c204437
_d204437